| 000 | 00376nam a2200145Ia 4500 | ||
|---|---|---|---|
| 005 | 20250729165755.0 | ||
| 008 | 250729s2014 xx 000 0 und d | ||
| 041 | _aeng | ||
| 082 | _a371.4 SUNG | ||
| 100 |
_aDr. Suneetha C.N _9232687 |
||
| 245 | _aGuidence and Counseling | ||
| 260 |
_aMysore _bShruthi Loka Prakashana _c2014 |
||
| 300 | _a225p | ||
| 650 |
_aEducation _9232688 |
||
| 999 |
_c239907 _d239907 |
||